Responses for show #4310 - Friday, May 2, 2003

2003 Celebrity Jeopardy! game 5.

Contestants

[<< previous game]

Joshua Malina, an actor from The West Wing

CCH Pounder, an actress from The Shield

Jeff Probst, a television personality from Survivor

[next game >>]

Jeopardy! Round responses

TOP GODS
OH, THE AMENITIES!
DON'T BUG ME!
WE'RE NOT MAKING THIS UP
ROCK & ROLL HALL OF FAMERS
THE "WEST" WING
    $200 13
Greek

Joshua
    $200 2
England

Joshua
    $200 1
termites

CCH
    $200 3
Texas

Jeff
    $200 10
The Beach Boys

Joshua
    $200 5
West Virginia

Joshua
    $400 24
the Romans

Joshua
    $400 7
ice

Joshua
    $400 19
bumblebee

CCH
    $400 4
Ethel Merman

Joshua
    $400 18
Otis Redding

Joshua
    $400 6
West Point

CCH
    $600 25
(Jeff: [to Joshua] Where did you come from?!)

Egypt

Joshua
    $600 12
(Joshua: What is The Mirage?)

The Bellagio

CCHJoshua
    $1,000 21
water

Joshua
    $600 15
bananas

CCH
    $600 27
The Police

Joshua
    $600 8
Westminster

Triple Stumper
    $800 26
(CC: What is Mexico?)

the Aztecs

CCHJoshua
    $800 14
(Joshua: What is New York?)
(CC: What is New Jersey?)

Pennsylvania

CCHJoshua
Triple Stumper
    $800 22
(Alex: A minute to go now.)

6

CCH
    $800 16
flea circus

Joshua
    $800 28
AC/DC

Jeff
    $800 9
West Side Story

Jeff
    $1000 20
The Madonna Inn

Joshua
    $1000 23
inchworms

Joshua
    $1000 17
crabs

Jeff
    $1000 29
[buzzer sounds to end the round]

George Martin

Joshua
    $1000 11
(Jeff: What is Edison?)

Western Union

JeffJoshua

Scores at the first commercial break (after clue 15):

Jeff CCH Joshua
$0 $1,000 $1,200

Scores at the end of the Jeopardy! Round:

Jeff CCH Joshua
$1,800 $1,400 $8,800

Double Jeopardy! Round responses

TOP "GOD"s
PCH POUNDER
TIME'S MAN OF THE YEAR
SURVIVORS
BIBLE STUDY
NUDIST, BUDDHIST OR CUBIST
    $400 11
The Godfather

CCH
    $400 22
(CC: What is the San Francisco Bridge?)

the Golden Gate Bridge

CCHJoshua
    $400 16
Pope John Paul II

Triple Stumper
    $400 20
John F. Kennedy

Joshua
    $400 6
the longest name

Joshua
    $400 1
Buddhist

Joshua
    $800 12
Godzilla

Joshua
    $800 23
(Joshua: What is ice?)
(CC: What is potable water?)

salt

CCHJoshua
Triple Stumper
    $800 17
Ted Turner

Joshua
    $800 21
(CC: What is a tsunami?)

hurricanes

CCH
Triple Stumper
    $800 7
(Jeff: I'm going to go out for a bathroom break!)
(Alex: It's too early for that!)

Jerusalem

Joshua
    $800 2
Cubist

Joshua
    $1200 13
"God Save the Queen"

Triple Stumper
    $1200 24
(CC: Who is Kennedy?)
...
(Alex: Less than a minute to go now.)

Lady Bird Johnson

CCHJoshua
    $2,500 18
(Joshua: I should have bet it all!)

the personal computer

Joshua
    $1200 25
George Custer

Joshua
    $1200 8
judges

Joshua
    $1200 3
nudist

Joshua
    $1600 14
Godspell

Joshua
    $2,000 28
[buzzer sounds to end the round]

Richard Nixon

Joshua
    $1600 19
(Joshua: Who is Truman?)

Dwight D. Eisenhower

Joshua
Triple Stumper
    $1600 26
sinking of the Titanic

CCH
    $1600 9
Moses

Triple Stumper
    $1600 4
Cubist

CCH
    $2000 15
Jean-Luc Godard

Triple Stumper
    $2000 27
"Moby Dick"

Joshua
    $2000 10
(Jeff: I will thank God that category is over!)

The Sermon on the Mount

Triple Stumper
    $2000 5
Buddhist

CCH

Scores at the end of the Double Jeopardy! Round:

Jeff CCH Joshua
$1,800 $3,800 $24,100
(lock game)

[wagering suggestions for these scores]

Final Jeopardy! Round responses

CELEBRITY AUCTIONS
(Jeff: [Helping Alex read his response] Mom, Dad, Brent, Scott, Hilary, Amanda, Abbie, Cami, I love you.)
(Alex: You got 'em all in there, good. [*] is, of course, correct. Married to Joe DiMaggio and Arthur Miller.)
...
(Alex: [To CCH] Were you thinking of Marge Schott?)
(CCH: Yeah, that one.)
JeffWho is Marilyn Monroe Mom Dad Brent Scott Hilary Amanda - Love U!
$1,800
CCHWho is No Idea Marge Schultz
$3,800
JoshuaWho is Marilyn Monroe? (Hi Reg!)
$18
Marilyn Monroe

Final scores:

Jeff CCH Joshua
$3,600 $0 $24,118
2nd place: $20,000 for ALS Association 3rd place: $20,000 for Artists for a New South Africa Winner: $50,000 for Bet Tzedek Legal Services-The House of Justice

Game dynamics:

Coryat scores:

Jeff CCH Joshua
$1,800 $3,800 $22,000
4 R,
1 W
10 R,
6 W
33 R
(including 3 DDs),
4 W

Combined Coryat: $27,600

The J! Archive is created by fans, for fans. The Jeopardy! game show and all elements thereof, including but not limited to copyright and trademark thereto, are the property of Jeopardy Productions, Inc. and are protected under law. This website is not affiliated with, sponsored by, or operated by Jeopardy Productions, Inc. Join the discussion at JBoard.tv.